2009 WBC Quarter Finalist USA Team - Statistics

General Stats
  • This quiz has been taken 10 times
  • The average score is 8 of 30
Answer Stats
# Pos. Player Team % Correct
4 3B David Wright New York Mets
89%
2 SS Derek Jeter New York Yankees
78%
15 2B Dustin Pedroia Boston Red Sox
78%
1 SS Jimmy Rollins Philadelphia Phillies
78%
10 3B Chipper Jones Atlanta Braves
67%
13 3B Evan Longoria Tampa Bay Rays
67%
6 2B Brian Roberts Baltimore Orioles
44%
18 OF Ryan Braun Milwaukee Brewers
44%
16 C Brian McCann Atlanta Braves
33%
28 OF Curtis Granderson Detroit Tigers
33%
22 P Jake Peavy San Diego Padres
33%
21 1B Kevin Youkilis Boston Red Sox
33%
50 OF Shane Victorino Philadelphia Phillies
33%
Mng Davey Johnson
22%
7 3B Mark DeRosa Cleveland Indians
22%
44 P Roy Oswalt Houston Astros
22%
17 OF Adam Dunn Washington Nationals
11%
52 P Heath Bell San Diego Padres
11%
51 P Jonathan Broxton Los Angeles Dodgers
11%
62 P Scot Shields Los Angeles Angels of Anaheim
11%
31 P Brad Ziegler Oakland Athletics
0%
26 C Chris Iannetta Colorado Rockies
0%
46 P Jeremy Guthrie Baltimore Orioles
0%
23 P J.J. Putz New York Mets
0%
38 P Joel Hanrahan Washington Nationals
0%
34 P John Grabow Pittsburgh Pirates
0%
39 P J.P. Howell Tampa Bay Rays
0%
42 P LaTroy Hawkins Houston Astros
0%
37 P Matt Thornton Chicago White Sox
0%
33 P Ted Lilly Chicago Cubs
0%
No matching quizzes found
Score Distribution
Percent of People with Each Score
Percentile by Number Answered
Your Score History
You have not taken this quiz